Top 20 Words Starting With BL - Statistics

General Stats
  • This quiz has been taken 1,275 times
  • The average score is 12 of 20
Answer Stats
rank letters word % Correct
1 5 black
95%
3 4 blue
87%
5 4 blow
83%
2 5 blood
81%
6 5 blame
73%
9 5 blast
71%
11 5 blade
70%
19 5 blown
70%
8 5 blank
65%
4 5 block
64%
13 5 blend
60%
17 5 bless
59%
20 6 blonde
58%
7 5 blind
57%
18 5 bloom
50%
14 5 blaze
45%
16 5 bleak
37%
10 5 bloke
32%
15 7 bladder
30%
12 7 blanket
26%
No matching quizzes found
Score Distribution
Percent of People with Each Score
Percentile by Number Answered
Your Score History
You have not taken this quiz